000 00350nam a2200145Ia 4500
008 230718s9999 xx 000 0 und d
041 _aEng.
082 _a3425491
_bCHI-L
100 _aChief executive's order
245 0 _aLegal Frame work evidence
260 _aPakistan
_bPakistan Law House
_c2002
300 _a"
650 _aLaw
999 _c28429
_d28429